Bibliographisches Handbuch des deutschen Schrifttums /

Hlavní autor: Körner, Josef, 1888-1950
Jazyk: Čeština
Vydáno: Bern : A. Francke, 1949
Vydání: 3., völl. umgearb. und wesentlich verm. Aufl.
Fyzický popis: 644 s.
Knihy
Uloženo v:
LEADER 00638nam a22001932a 4500
001 000080376
003 CZ BrMZK
005 20151104102941.0
007 ta
008 950101s1949 xx f cze d
040 |a ABA007  |b cze  |d BOA001 
100 1 |a Körner, Josef,  |d 1888-1950  |7 jn20030414003  |4 aut 
245 1 0 |a Bibliographisches Handbuch des deutschen Schrifttums /  |c J. Körner 
250 |a 3., völl. umgearb. und wesentlich verm. Aufl. 
260 |a Bern :  |b A. Francke,  |c 1949 
300 |a 644 s. 
910 |a BOA001  |b 2-0279.804 
990 |a BK 
996 7 |b 2619963773  |c 2-0279.804  |l MZK  |r Sklad / do 24 hodin  |n 0  |w 000080376  |u 000010  |a 1  |e BOA001  |j MZK50  |s A